Marketing In Library & Information Services/ (Record no. 211259)
[ view plain ]
| 000 -LEADER | |
|---|---|
| fixed length control field | 00576nam a22001937a 4500 |
| 005 - DATE AND TIME OF LATEST TRANSACTION | |
| control field | 20250514111943.0 |
| 010 ## - LCCN (DPL NO) | |
| LC control number | ENG-144878 |
| 020 ## - INTERNATIONAL STANDARD BOOK NUMBER | |
| Terms of availability | 750.00 |
| International Standard Book Number | 9789381169087 |
| 035 ## - SYSTEM CONTROL NUMBER | |
| System control number | EN-128410 |
| 037 ## - SOURCE OF ACQUISITION | |
| Source of stock number/acquisition | DBAD |
| 082 ## - DEWEY DECIMAL CLASSIFICATION NUMBER | |
| Classification number | 025.527 |
| 100 ## - MAIN ENTRY--PERSONAL NAME | |
| Personal name | Nawathe, Manisha Sutar |
| 245 ## - TITLE STATEMENT | |
| Title | Marketing In Library & Information Services/ |
| Statement of responsibility, etc | Manisha Sutar Nawathe |
| 260 ## - PUBLICATION, DISTRIBUTION, ETC. (IMPRINT) | |
| Place of publication, distribution, etc | Jaipur |
| Name of publisher, distributor, etc | Vital Publications |
| Date of publication, distribution, etc | 2013 |
| 270 ## - ADDRESS | |
| Address | D-19, Inderpuri, Lalkothi, Jaipur |
| City | Jaipur |
| Postal code | 302015 |
| 300 ## - PHYSICAL DESCRIPTION | |
| Extent | 198p |
| Dimensions | 23(hb) |
| 760 ## - MAIN SERIES ENTRY | |
| Edition | 1 |
| 942 ## - ADDED ENTRY ELEMENTS (KOHA) | |
| Source of classification or shelving scheme | Dewey Decimal Classification |
| Item type | English Books |
| Classification part | 025.527 |
| Call number suffix | MAN |
| Withdrawn status | Lost status | Not for loan | Collection code | Home library | Current library | Date acquired | Source of acquisition | Cost, normal purchase price | Full call number | Barcode | Copy number | Koha item type |
|---|---|---|---|---|---|---|---|---|---|---|---|---|
| Non-fiction | Janak Puri | Janak Puri | 14/05/2025 | DBAD | 750.00 | 025.527 NAW | EN-128410 | 1 | English Books |
